Word Ladder: Two Colorful Movies Quiz Stats

 Plays Quiz Updated Oct 21, 2015

Score 0/16 Timer 03:00
0 Plays Today
Word % Correct
MELT
97.5%
MEAT
96.7%
SEAN
96.4%
MALT
94.1%
SEAT
94%
BLEND
91.3%
BLEED
90.2%
MALE
89.4%
Word % Correct
BLAND
89.1%
BREED
88.8%
BLANK
88.8%
GREED
79.7%
●BLACK●
77.5%
●GREEN●
75.8%
●SWAN●
75%
●MILE●
74.6%

Today's Daily Dose

Missing Word
Directed by Peter

Word Ladder
Blink-182

Quick Pick
Eagles Songs

Get the Picture
NFC West Profiles

You're not logged in!

Compare scores with friends on all Sporcle quizzes.
OR
Log In

Show Comments

Extras

Top Quizzes Today


Score Distribution

Your Account Isn't Verified!

In order to create a playlist on Sporcle, you need to verify the email address you used during registration. Go to your Sporcle Settings to finish the process.

Report this User

Report this user for behavior that violates our Community Guidelines.

Details: